00216nam a22000857a 4500082000800000100001800008245005800026260003600084300001000120 aTNC aBryson, Bill  aA short history of nearly everything cby Bill Bryson aNew DelhibBroadway Booksc2003 a544p.